Loading...
| Auditory Arts | 2 | 10.00 | 100% | 0% | 0% |
| Beliefs | 3 | 13.33 | 67% | 67% | 0% |
| Current Events | 2 | 15.00 | 100% | 50% | 0% |
| Fine Arts - Other Arts | 4 | 12.50 | 100% | 0% | 25% |
| Geography | 1 | 10.00 | 0% | 0% | 100% |
| History - American History | 4 | 15.00 | 100% | 25% | 25% |
| History - Ancient History | 1 | 30.00 | 100% | 100% | 100% |
| History - European History | 4 | 15.00 | 100% | 50% | 0% |
| History - World History | 4 | 12.50 | 100% | 0% | 25% |
| Literature - American Literature | 4 | 12.50 | 75% | 25% | 25% |
| Literature - British Literature | 4 | 10.00 | 100% | 0% | 0% |
| Literature - European Literature | 2 | 10.00 | 100% | 0% | 0% |
| Literature - World Literature | 4 | 10.00 | 75% | 25% | 0% |
| Philosophy | 5 | 6.00 | 40% | 20% | 0% |
| Science - Biology | 3 | 10.00 | 67% | 33% | 0% |
| Science - Chemistry | 4 | 17.50 | 100% | 75% | 0% |
| Science - Other Science | 6 | 10.00 | 67% | 33% | 0% |
| Science - Physics | 2 | 5.00 | 50% | 0% | 0% |
| Social Science | 5 | 12.00 | 100% | 20% | 0% |
| Visual Arts | 4 | 10.00 | 100% | 0% | 0% |